00625nam a2200193 a 4500001001000000003000500010005001700015008004100032010001100073011001100084020001800095040000900113082001500122245012600137260008500263300001800348650003100366700003400397000112176CHAP20220329144249.0151215s2014 mx a |r| ||||||spa d a108637 a109609 a9786079343712 cCHAP04a371.3bI5810aInnovación técnica rural :bciencia aplicada - experiencia sistematizada /cpor Dietmar Rössel Kipping ...[et al.]. aSan Luis Potosí, S.L.P. :bUniversidad Autónoma de San Luis Potosí,c2014. a189 p. :bil.14aEducaciónxInnovaciones.1 aRossel Kipping, Erich Dietmar